| 000 | 00360nam a2200109Ia 4500 | ||
|---|---|---|---|
| 008 | 220216s9999 xx 000 0 und d | ||
| 100 | _aThomas K T | ||
| 245 | 0 | _aNatural rubber: Collection and processing | |
| 260 |
_bIn: Harvest and Post Harvest Technology of Plantation Crops, 1998, CPCRI, Kasaragog, Kerala, pp.114-120 _c1998 |
||
| 856 | _uReprt | ||
| 942 | _cJS | ||
| 999 |
_c63668 _d63668 |
||